000 00847nam a2200253Ia 4500
001 9768
003 GE_BSU
008 181216s||||||||xx |||||||||||||| ||und||
020 _a9992843039
040 _cGE_BSU
080 _a821.353.1–94+94(479.222.2)
100 _aნაჭყებია,ოთარ
245 _aმარტვილური ესკიზები
245 _bსამეგრელოს ისტორია
245 _cრედ.ომარ მეგრელიშვილი
260 _aბათუმი
260 _bალიონი
260 _c1999
300 _a68გვ.ფოტო პორტრ.18სმ.
541 _h4ლ.
653 _aმარტვილური ესკიზები
653 _aსამეგრელოს ისტორია
942 _cBK
999 _c43048
_d43048